| 000 | 00755nam a2200253Ia 4500 | ||
|---|---|---|---|
| 001 | 1013 | ||
| 003 | GE_BSU | ||
| 008 | 181216s||||||||xx |||||||||||||| ||und|| | ||
| 020 | _a5887824247 | ||
| 040 | _cGE_BSU | ||
| 080 | _a159.9(075.8):37.01(075.8) | ||
| 100 | _aРеан,А.А;Коломинский,Я.Л; | ||
| 245 | _aСоциальная педагогическая Психология. | ||
| 245 | _bУчебное пособие для студентов. | ||
| 260 | _aМосква | ||
| 260 | _bПитер | ||
| 260 | _c1999 | ||
| 300 | _a414 с. | ||
| 541 | _h20 л. | ||
| 653 | _aПедагогическая Психологоия | ||
| 653 | _aПсихология | ||
| 653 | _aფსიქოლოგია | ||
| 942 | _cBK | ||
| 999 |
_c35169 _d35169 |
||